Dykes to watch out for /

Gespeichert in:
Bibliographische Detailangaben
1. Verfasser: Bechdel, Alison (Verfasst von)
Format: Buch
Sprache:Englisch
Veröffentlicht: Ithaca : Firebrand Books, c1986
Tags: Tag hinzufügen
Keine Tags, Fügen Sie das erste Tag hinzu!

MARC

LEADER 00000nam a22000007i 4500
001 IT\ICCU\UBO\3278197
003 ItRI
005 20260115231828.0
008 070911s1986 xxu|||||| ||||| |||||c
020 |a 0932379176 
020 |a 0932379184 
040 |b ita  |c importazione bologna sebina 
041 7 |a eng  |2 ISO-639-2 
100 1 |a Bechdel, Alison  |0 IT\ICCU\UBOV\162483  |4 aut 
245 1 0 |a Dykes to watch out for /  |c by Alison Bechdel. 
260 |a Ithaca :  |b Firebrand Books,  |c c1986 
300 |a 78 p. :  |b in gran parte ill. ;  |c 14 x 19 cm. 
942 |2 ddc  |c BK  |n 0 
952 |0 0  |1 0  |4 0  |6 F_741_597000000000000_BEC  |7 0  |9 13710  |a BO  |b BO  |d 2026-01-15  |i 11266  |l 0  |o F 741.597 BEC  |p BO11266  |r 2026-01-15 23:18:28  |w 2026-01-15  |x [Sebina 5] [1 v.]  |y BK  |z 1 v. 
999 |c 11790  |d 11790